CAUSATION IN GRAMMATICAL STRUCTURES (Record no. 3976)

MARC details
000 -LEADER
fixed length control field 00442nam a22001577a 4500
003 - CONTROL NUMBER IDENTIFIER
control field OSt
005 - DATE AND TIME OF LATEST TRANSACTION
control field 20230403100438.0
008 - FIXED-LENGTH DATA ELEMENTS--GENERAL INFORMATION
fixed length control field 230403b |||||||| |||| 00| 0 eng d
020 ## - INTERNATIONAL STANDARD BOOK NUMBER
International Standard Book Number 978-0-19-967208-0
040 ## - CATALOGING SOURCE
Transcribing agency CML
082 ## - DEWEY DECIMAL CLASSIFICATION NUMBER
Classification number 415.6COP
245 ## - TITLE STATEMENT
Title CAUSATION IN GRAMMATICAL STRUCTURES
Statement of responsibility, etc. BY COPLEY,B. AND MARTIN, FABIENNE
260 ## - PUBLICATION, DISTRIBUTION, ETC.
Place of publication, distribution, etc. UNITED KINGDOM
Name of publisher, distributor, etc. OXFORD UNIVERSITY PRESS
Date of publication, distribution, etc. 2014
300 ## - PHYSICAL DESCRIPTION
Other physical details vii.,451p.
942 ## - ADDED ENTRY ELEMENTS (KOHA)
Source of classification or shelving scheme Dewey Decimal Classification
Koha item type Books
Call number prefix 415.6
Call number suffix COP
Holdings
Withdrawn status Lost status Source of classification or shelving scheme Damaged status Not for loan Collection code Home library Current library Shelving location Date acquired Total Checkouts Full call number Date last seen Copy number Price effective from Koha item type
    Dewey Decimal Classification     Language Chalimbana Main Library Chalimbana Main Library Language 04/03/2023   415.6COP 04/03/2023 1 04/03/2023 Books

Powered by Koha